The Fief of Aimery of Franclieu and the Estate of the Abbey of St Mary of Mount Sion in the Territory of Jerusalem (Record no. 531831)
[ view plain ]
| 000 -CABECERA | |
|---|---|
| Campo de control de longitud fija | 00504nab a2200145Ia 4500 |
| 003 - IDENTIFICADOR DEL NÚMERO DE CONTROL | |
| Campo de control | ES-SlBCS |
| 005 - FECHA Y HORA DE LA ÚLTIMA TRANSACCIÓN | |
| Campo de control | 20221001115351.0 |
| 008 - CÓDIGOS DE INFORMACIÓN DE LONGITUD FIJA | |
| Campo de control de longitud fija | 140529s2002 xxu||||| |||| 00| 0 eng d |
| 041 ## - CÓDIGO DE LENGUA | |
| Código de lengua del texto/banda sonora o título independiente | eng |
| 100 1# - PUNTO DE ACCESO PRINCIPAL-NOMBRE DE PERSONA | |
| Nombre de persona | Pringle, Denys |
| 9 (RLIN) | 47473 |
| 245 04 - MENCIÓN DE TÍTULO | |
| Título | The Fief of Aimery of Franclieu and the Estate of the Abbey of St Mary of Mount Sion in the Territory of Jerusalem |
| Mención de responsabilidad, etc. | Denys Pringle |
| 651 #4 - PUNTO DE ACCESO ADICIONAL DE MATERIA-NOMBRE GEOGRÁFICO | |
| Nombre geográfico | Jerusalén |
| 9 (RLIN) | 92390 |
| 773 0# - ENLACE AL DOCUMENTO FUENTE | |
| Título | Revue Biblique Internacionale |
| Parte(s) relacionada(s) | vol. 109, 2002, págs. 587-601 |
| Número de control del registro relacionado | Rev879 |
| 942 ## - ENTRADA DE ELEMENTOS AGREGADOS (KOHA) | |
| Koha [por defecto] tipo de item | Artículos de revista |
| Suprimido | Perdido | Estropeado | No para préstamo | Localización permanente | Localización actual | Localización en estantería | Fecha adquisición | Préstamos totales | Fecha última consulta | Fecha del precio de reemplazo | Tipo de item de Koha |
|---|---|---|---|---|---|---|---|---|---|---|---|
| San Esteban | San Esteban | Depósito de revistas | 11/07/2014 | 11/07/2014 | 11/07/2014 | Artículos de revista |
